Escritores en taller 1 /
Guardado en:
| Autor Principal: | |
|---|---|
| Otros Autores: | |
| Formato: | Libro |
| Publicado: |
Buenos Aires :
El Ateneo,
1993
|
| Materias: | |
| Etiquetas: |
Agregar Etiqueta
Sin Etiquetas, Sea el primero en etiquetar este registro!
|
| LEADER | 00783nam a22002295a 4500 | ||
|---|---|---|---|
| 001 | CEM.cems016560 | ||
| 005 | 20111006104034.0 | ||
| 008 | 130507s1993##################000#0#####d | ||
| 003 | CEMS | ||
| 020 | |a 9500273357 | ||
| 082 | 0 | 4 | |a 468 |
| 100 | 1 | |a Lotito, Liliana | |
| 245 | 1 | 0 | |a Escritores en taller 1 / |c Liliana Lotito y Maria Rosario Z. de Troisi |
| 260 | |a Buenos Aires : |b El Ateneo, |c 1993 | ||
| 300 | |a 119 p. | ||
| 653 | |a Lengua | ||
| 653 | |a Lengua-egb | ||
| 700 | 1 | |a Zerbi de Troisi, María Rosario | |
| 859 | |a CEMS |b BIB. CEMS - Agricultura |h 468 |i L895 |p A17806.94 |t Ej.1 | ||
| 859 | |a CEMS |b BIB. CEMS - Agricultura |h 468 |i L895 |p A17807.94 |t Ej.2 | ||
| 859 | |a CEMS |b BIB. CEMS - Agricultura |h 468 |i L895 |p A17808.94 |t Ej.3 | ||
| 859 | |a CEMS |b BIB. CEMS - Agricultura |h 468 |i L895 |p A17809.94 |t Ej.4 | ||
